AH International Schools' Libraries

Middle school: (Record no. 49676)

MARC details
000 -LEADER
fixed length control field 00431nam a2200133 4500
020 ## - INTERNATIONAL STANDARD BOOK NUMBER
International Standard Book Number 9780099596387
100 ## - MAIN ENTRY--PERSONAL NAME
Personal name Patterson, James.
9 (RLIN) 66041
245 ## - TITLE STATEMENT
Title Middle school:
Remainder of title ultimate showdown /
Statement of responsibility, etc James Patterson and Julia Bergen.
260 ## - PUBLICATION, DISTRIBUTION, ETC. (IMPRINT)
Place of publication, distribution, etc London:
Name of publisher, distributor, etc Young Arrow;
Date of publication, distribution, etc 2015.
300 ## - PHYSICAL DESCRIPTION
Extent 232 p.
Other physical details ill.
Dimensions 20 cm.
650 ## - SUBJECT ADDED ENTRY--TOPICAL TERM
Topical term or geographic name as entry element Middle school stories.
Form subdivision Fiction.
9 (RLIN) 86793
700 ## - ADDED ENTRY--PERSONAL NAME
Relator code illustrator
Personal name Alec Longstreth
9 (RLIN) 86794
942 ## - ADDED ENTRY ELEMENTS (KOHA)
Source of classification or shelving scheme
Koha item type J FIC BOOKS
Holdings
Withdrawn status Lost status Source of classification or shelving scheme Damaged status Not for loan Collection code Home library Current library Shelving location Date acquired Total Checkouts Full call number Barcode Date last seen Date checked out Price effective from Koha item type
          SECONDARY Asian Hope Secondary Library Asian Hope Secondary Library Junior Fiction 10/28/2025 2 J FIC PAT 208772 04/28/2026 04/21/2026 10/28/2025 J FIC BOOKS

For any Logos Library related questions please contact Miss Art at swongnarasuk@asianhope.org.

For any Asian Hope Library related questions please contact Miss Raza at graza@asianhope.org.

Powered by Koha